Communes affectées par l'aéroport de Bordeaux sur une carte - Statistiques

Statistiques générales
  • Ce quiz a été pris 74 fois
    65 depuis la dernière actualisation
  • Le résultat moyen est 3 sur 5
Réponses sur la Carte
Les réponses sont colorées sur une échelle allant du rouge au vert en fonction du pourcentage des utilisateurs qui les ont devinées à leur premier essai. Vous pouvez retrouver ces pourcentages ci-dessous.
 
Statistiques - réponses
Commune % Correct
Mérignac
100%
Eysines
63%
Le Haillan
61%
Bruges
50%
Saint-Jean-d'Illac
50%
Aucun quiz correspondant
Distribution des résultats
% des personnes avec chaque résultat
Percentile par nombre de réponses
Votre historique - résultats
Vous n’avez pas pris ce quiz depuis la dernière actualisation